00338nam a2200109Ia 4500008004100000041000800041082001700049100001300066245008600079260004400165300001900209241015s9999 xx 000 0 und d aeng a658.4030 ALB aAlbright aVba For Modelers: Developing Decision Support Systems With Microsoft Office Excel bCengage Learning IndiaaAustraliac2016 a710;. P. 24 cm